| 000 | 00714nam a22002177a 4500 | ||
|---|---|---|---|
| 999 |
_c20523 _d20523 |
||
| 003 | AR-CdUCM | ||
| 008 | 190531b ||||| |||| 00| 0 spa d | ||
| 040 |
_aMUNICIPALIDAD PROVINCIAL DEL CUSCO _cBIBLIOTECA MUNICIPAL DEL CUSCO |
||
| 082 |
_a839.316 / _bE263 |
||
| 100 |
_aEeden, Frederik van _942906 |
||
| 245 | _aJuan y el elfo / | ||
| 260 |
_aBuenos Aires : _bEdit. Imán, _c1942. |
||
| 300 |
_a242 páginas ; _c18 cm. |
||
| 440 |
_aProsistas europeos contemporáneos _931892 |
||
| 505 | _aContenido: Novelas holandesas. | ||
| 650 |
_aNovelas holandesas _942907 |
||
| 650 |
_aLiteratura universal _9611 |
||
| 700 |
_aRosenblat, Rosa (traducción) _942908 |
||
| 942 |
_2ddc _cLIBROS |
||
| 945 |
_adavv _d2019-05-31 |
||